01376nab a22002537a 4500003000400000005001700004008004100021040000700062100002900069245014300098260007300241300001300314500003600327505034200363505008100705650001800786650002100804650001900825650003300844650002300877650002900900650004500929773014800974OSt20260205094934.0190429b xxu||||| |||| 00| 0 spa d cPJ aMateos, Julieta Carolina13aEl derecho a la tutela efectiva de las víctimas como derecho humano fundamental en el Sistema Interamericano /cJulieta Carolina Mateos. cCiudad Autónoma de Buenos Aires :aThomson Reuters La Ley, b2024. ap. 36-42 aCita: TR LALEY AR/DOC/855/2024. aSumario: I. Las normas de comportamiento como razones para la acción.— II. El silogismo práctico.— III. Las normas silogísticamente opacas.— IV. Algunas críticas y justificaciones a la regulación de delitos de posesión.— V. Una (propia) posición legitimatoria.— VI. Hacia una democratización del derecho penal.  tSi te interesa el texto completo, solicitalo a koha@justierradelfuego.gov.ar 0aDERECHO PENAL 0aDERECHOS HUMANOS 0aDEBIDO PROCESO 0aDELITO DE ACCIÓN PÚBLICA 0aDERECHO AL RECURSO 0aTUTELA JUDICIAL EFECTIVA 0aCORTE INTERAMERICANA DE DERECHOS HUMANOS0 02658tRevista de derecho penal y criminología. Nº 4 - Mayo 2024dCiudad Autónoma de Buenos Aires : Thomson Reuters La Ley, 2017-x00347914